<?xml version="1.0" encoding="UTF-8"?>
<resp>
  <nextPage>https://data.bn.org.pl/api/networks/bibs.marcxml?marc=001+b0000080093855&amp;sinceId=80093856</nextPage>
  <collection>
    <record xmlns='http://www.loc.gov/MARC21/slim'><leader>01476cam a2200265 i 4500</leader><controlfield tag='001'>b0000080093855</controlfield><controlfield tag='005'>20241203220327.5</controlfield><controlfield tag='008'>100111s2013    pl i          0     pol d</controlfield><controlfield tag='009'>9912903711105606</controlfield><datafield ind1=' ' ind2=' ' tag='035'><subfield code='a'>(PL)b0000080093855</subfield></datafield><datafield ind1=' ' ind2=' ' tag='035'><subfield code='a'>(Aleph)000227580SGH01</subfield></datafield><datafield ind1=' ' ind2=' ' tag='035'><subfield code='a'>990002275800307664-48omnis_network</subfield></datafield><datafield ind1=' ' ind2=' ' tag='040'><subfield code='a'>SGH</subfield><subfield code='c'>SGH</subfield></datafield><datafield ind1='0' ind2=' ' tag='041'><subfield code='a'>pol</subfield></datafield><datafield ind1='1' ind2=' ' tag='100'><subfield code='a'>Stępień, Milena</subfield><subfield code='d'>(1984- )</subfield></datafield><datafield ind1='0' ind2='0' tag='245'><subfield code='a'>Rozwój rynku grup zakupowych w Polsce /</subfield><subfield code='c'>Milena Stępień.</subfield></datafield><datafield ind1=' ' ind2=' ' tag='260'><subfield code='a'>Warszawa :</subfield><subfield code='b'>Szkoła Główna Handlowa,</subfield><subfield code='c'>2013.</subfield></datafield><datafield ind1=' ' ind2=' ' tag='300'><subfield code='a'>75 s.</subfield></datafield><datafield ind1=' ' ind2=' ' tag='502'><subfield code='a'>Praca magisterska</subfield></datafield><datafield ind1=' ' ind2=' ' tag='520'><subfield code='a'>W pracy zawarto wyjaśnienie podstawowych pojęć związanych z grupami zakupowymi, dokonano ich podziału ze względu na różne kryteria. Przedstawiono także definicje logistyki, zarządzania łańcuchem dostaw, zakupów i zaopatrzenia. Na podstawie odpowiedzi na kwestionariusze wysłane do grup zakupowych funkcjonujących w Stanach Zjednoczonych oraz wyników wywiadu bezpośredniego przeprowadzonego z osobami zarządzającymi taką organizacją w Polsce opisano zasady działania grup zakupowych w Polsce oraz Stanach Zjednoczonych oraz dokonano oceny, czy rozwój rynku grup zakupowych w Polsce może przybrać podobną ścieżkę, co analogiczny rynek w Stanach Zjednoczonych.</subfield></datafield><datafield ind1=' ' ind2=' ' tag='521'><subfield code='a'>spis treści - brak</subfield></datafield><datafield ind1=' ' ind2=' ' tag='852'><subfield code='b'>48OMNIS_NETWORK</subfield><subfield code='8'>9912903711105606</subfield></datafield><datafield ind1=' ' ind2=' ' tag='852'><subfield code='b'>48OMNIS_WSE</subfield><subfield code='8'>990002275800307664</subfield></datafield></record>
  </collection>
</resp>
